[Event "Titled Tuesday intern op 02nd Apr Early"]
[Site "Chess.com INT"]
[Date "2024.04.02"]
[Round "8"]
[White "Agasarov, Benik"]
[Black "Gordon, Frederick"]
[Result "1-0"]
[WhiteElo "2358"]
[BlackElo "2362"]
[PlyCount "51"]
[EventDate "2024.04.02"]
[EventType "swiss (blitz)"]
[EventRounds "11"]
[EventCountry "USA"]
[SourceTitle "CB15_2024"]
[SourceDate "2024.04.10"]
[SourceVersion "1"]
[SourceVersionDate "2024.04.10"]
[SourceQuality "1"]

1. d4 c6 2. e4 d5 3. e5 Bf5 4. Nf3 e6 5. Be2 Be7 6. c4 dxc4 7. Bxc4 Nd7 8. Nc3 Nb6 9. Bd3 Bxd3 10. Qxd3 Nd5 11. 0-0 h5 12. Ne4 Nh6 13. Bg5 Bxg5 14. Nfxg5 Nf5 15. h4 Nf4 16. Qf3 Ng6 17. g3 Qxd4 18. Rad1 Qxe5 19. Rfe1 Rd8 20. Rxd8+ Ke7 21. Rxh8 Nxh8 22. Qa3+ Kd8 23. Qf8+ Kc7 24. Qxh8 f6 25. Nf7 Qxb2 26. Qd8# 1-0

[Event "Titled Tuesday intern op 02nd Apr Early"]
[Site "Chess.com INT"]
[Date "2024.04.02"]
[Round "4"]
[White "Agasarov, Benik"]
[Black "Mikhalchenko, Petr"]
[Result "0-1"]
[WhiteElo "2358"]
[BlackElo "2322"]
[PlyCount "48"]
[EventDate "2024.04.02"]
[EventType "swiss (blitz)"]
[EventRounds "11"]
[EventCountry "USA"]
[SourceTitle "CB15_2024"]
[SourceDate "2024.04.10"]
[SourceVersion "1"]
[SourceVersionDate "2024.04.10"]
[SourceQuality "1"]

1. e4 e5 2. Nf3 Nc6 3. Bb5 a6 4. Ba4 d6 5. 0-0 Bd7 6. c3 Nge7 7. d4 h6 8. Re1 Ng6 9. Nbd2 Be7 10. Nf1 Bg5 11. Ng3 Qe7 12. Nf5 Qf6 13. dxe5 dxe5 14. g3 0-0-0 15. Nxg5 hxg5 16. Qg4 Nf4 17. gxf4 exf4 18. Bxc6 bxc6 19. h4 Rxh4 20. Qe2 Bxf5 21. exf5 Rdh8 22. Qe4 g6 23. fxg6 f3 24. Qe8+ Kb7 0-1

[Event "Moscow Aeroflot op-A"]
[Site "Moscow"]
[Date "2024.03.07"]
[Round "9"]
[White "Agasarov, Benik"]
[Black "Belyakov, Bogdan"]
[Result "0-1"]
[WhiteElo "2354"]
[BlackElo "2414"]
[PlyCount "104"]
[EventDate "2024.03.03"]
[EventType "swiss"]
[EventRounds "9"]
[EventCountry "RUS"]
[SourceTitle "CB11_2024"]
[SourceDate "2024.03.13"]
[SourceVersion "1"]
[SourceVersionDate "2024.03.13"]
[SourceQuality "1"]

1. e4 e5 2. Nf3 Nc6 3. Bb5 Nf6 4. d3 Bc5 5. c3 0-0 6. 0-0 d6 7. Bg5 h6 8. Bh4 g5 9. Bg3 Nh5 10. Nbd2 Qf6 11. Bxc6 Nxg3 12. hxg3 bxc6 13. b4 Bb6 14. a4 a6 15. a5 Ba7 16. Nc4 Qg6 17. d4 Be6 18. Ncd2 g4 19. Nh4 Qf6 20. Nb3 Rab8 21. d5 cxd5 22. exd5 Bc8 23. Kh2 Rb5 24. Ra4 Qg5 25. c4 Rb8 26. Qe1 f5 27. f4 gxf3 28. gxf3 f4 29. Nd2 Bd7 30. Ra2 fxg3+ 31. Qxg3 Rxb4 32. Ng2 Kh7 33. Qxg5 hxg5 34. Rc1 Kg6 35. c5 Bxc5 36. Rxc5 dxc5 37. Rc2 g4 38. fxg4 Rxg4 39. Nc4 Re4 40. Rc3 Kg5 41. Kg1 Bb5 42. Nd2 Re2 43. Nf3+ Kf6 44. Rxc5 Rg8 45. Nfh4 Bd3 46. Rxc7 Rexg2+ 47. Nxg2 Be4 48. d6 Rxg2+ 49. Kf1 Rd2 50. d7 Rd6 51. Ke2 Bd3+ 52. Ke3 Bb5 0-1

[Event "Moscow Aeroflot op-A"]
[Site "Moscow"]
[Date "2024.03.06"]
[Round "8"]
[White "Hayrapetyan, Hovik"]
[Black "Agasarov, Benik"]
[Result "1/2-1/2"]
[WhiteElo "2432"]
[BlackElo "2354"]
[PlyCount "23"]
[EventDate "2024.03.03"]
[EventType "swiss"]
[EventRounds "9"]
[EventCountry "RUS"]
[SourceTitle "CB11_2024"]
[SourceDate "2024.03.13"]
[SourceVersion "1"]
[SourceVersionDate "2024.03.13"]
[SourceQuality "1"]

1. d4 Nf6 2. Nf3 d5 3. c4 e6 4. g3 Be7 5. Bg2 0-0 6. 0-0 dxc4 7. Qc2 a6 8. a4 Bd7 9. Qxc4 Bc6 10. Bf4 Bd6 11. Nc3 Bxf4 12. gxf4 1/2-1/2

[Event "Moscow Aeroflot op-A"]
[Site "Moscow"]
[Date "2024.03.05"]
[Round "5"]
[White "Agasarov, Benik"]
[Black "Savchenko, Boris"]
[Result "0-1"]
[WhiteElo "2354"]
[BlackElo "2479"]
[PlyCount "88"]
[EventDate "2024.03.03"]
[EventType "swiss"]
[EventRounds "9"]
[EventCountry "RUS"]
[SourceTitle "CB11_2024"]
[SourceDate "2024.03.13"]
[SourceVersion "1"]
[SourceVersionDate "2024.03.13"]
[SourceQuality "1"]

1. d4 d5 2. c4 e6 3. Nf3 c6 4. Qc2 dxc4 5. Qxc4 b5 6. Qc2 Bb7 7. e4 Nf6 8. Nc3 b4 9. Na4 Nbd7 10. Be3 Qa5 11. Nc5 Bxc5 12. dxc5 Ng4 13. Bd2 Qxc5 14. Qxc5 Nxc5 15. h3 Nf6 16. Bxb4 Ncxe4 17. Rc1 Nd5 18. Ba3 c5 19. Bb5+ Ke7 20. Nd2 Nxd2 21. Kxd2 Rhd8 22. Rxc5 Kf6 23. Kc1 Rac8 24. Kb1 Nf4 25. Rhc1 Rxc5 26. Bxc5 a6 27. Bf1 Nxg2 28. b4 h5 29. a4 h4 30. b5 axb5 31. Bxb5 Nf4 32. Bb6 Ra8 33. Be3 Nxh3 34. f4 g5 35. fxg5+ Nxg5 36. Rf1+ Kg6 37. Rg1 Be4+ 38. Kb2 f6 39. Rg4 h3 40. Bxg5 Bf5 41. Bxf6+ Bxg4 42. Be5 Kf5 43. Bh2 Bd1 44. Bc6 Rc8 0-1

[Event "Moscow Aeroflot op-A"]
[Site "Moscow"]
[Date "2024.03.04"]
[Round "3"]
[White "Agasarov, Benik"]
[Black "Abdisalimov, Abdimalik"]
[Result "1-0"]
[WhiteElo "2354"]
[BlackElo "2503"]
[PlyCount "93"]
[EventDate "2024.03.03"]
[EventType "swiss"]
[EventRounds "9"]
[EventCountry "RUS"]
[SourceTitle "CB11_2024"]
[SourceDate "2024.03.13"]
[SourceVersion "1"]
[SourceVersionDate "2024.03.13"]
[SourceQuality "1"]

1. e4 c5 2. Nf3 d6 3. Bb5+ Nd7 4. 0-0 a6 5. Be2 Ngf6 6. d3 b6 7. Nfd2 Bb7 8. f4 g6 9. Nc3 b5 10. Bf3 e5 11. a4 Bc6 12. axb5 axb5 13. Rxa8 Qxa8 14. g4 exf4 15. g5 Ng8 16. Nd5 Qd8 17. Bg2 h6 18. h4 hxg5 19. hxg5 Bg7 20. Nf3 Bxd5 21. exd5 Be5 22. b4 cxb4 23. d4 Qb6 24. Rf2 Bg7 25. Bxf4 Ne7 26. Qe1 b3 27. cxb3 Kf8 28. Ra2 Nf5 29. Ra8+ Nb8 30. Bf1 Nxd4 31. Kg2 Nxf3 32. Kxf3 Rh1 33. Qf2 Qc7 34. Kg2 Rxf1 35. Kxf1 Be5 36. Qa7 Qxa7 37. Rxa7 Bxf4 38. Ra8 Bxg5 39. Rxb8+ Ke7 40. Rxb5 f5 41. Ke2 Kf6 42. Rb7 Bf4 43. b4 Ke5 44. b5 Kxd5 45. Rc7 Ke6 46. b6 d5 47. Rc8 1-0

[Event "Yerevan Margaryan Memorial GM"]
[Site "Yerevan"]
[Date "2024.01.15"]
[Round "8"]
[White "Agasarov, Benik"]
[Black "Grebnev, Aleksey"]
[Result "0-1"]
[WhiteElo "2340"]
[BlackElo "2535"]
[PlyCount "124"]
[EventDate "2024.01.08"]
[EventType "tourn"]
[EventRounds "9"]
[EventCountry "ARM"]
[EventCategory "8"]
[SourceTitle "CB04_2024"]
[SourceDate "2023.10.16"]
[SourceVersion "1"]
[SourceVersionDate "2023.10.16"]
[SourceQuality "1"]

1. d4 Nf6 2. c4 e6 3. Nf3 d5 4. g3 Bb4+ 5. Bd2 Bd6 6. Bg2 c6 7. Qc2 Nbd7 8. 0-0 0-0 9. Bg5 h6 10. Bxf6 Qxf6 11. Nbd2 c5 12. dxc5 Nxc5 13. b4 Nd7 14. Rab1 a5 15. bxa5 Rxa5 16. Rfd1 Nc5 17. Nb3 Nxb3 18. axb3 Bb4 19. Rd4 Rc5 20. Qd3 dxc4 21. Rxc4 Rd8 22. Qc2 b6 23. Rd1 Rxd1+ 24. Qxd1 Rxc4 25. bxc4 Bc5 26. h4 g6 27. e3 Kg7 28. Nd4 Qe5 29. Nb3 Be7 30. Qd4 Qxd4 31. Nxd4 f5 32. Nb5 Kf6 33. Kf1 Bd7 34. Ke2 Bc5 35. Bb7 e5 36. f3 f4 37. Nc3 fxg3 38. Ne4+ Kg7 39. Nxg3 Be8 40. Kf2 Bf7 41. Ba6 Be7 42. h5 gxh5 43. Nf5+ Kf6 44. Nxe7 Kxe7 45. Kg3 Kd6 46. Kh4 Kc5 47. f4 exf4 48. exf4 Kd4 49. f5 Ke4 50. Bc8 Ke5 51. Bd7 Kf6 52. Bc8 Bxc4 53. Kxh5 b5 54. Bd7 b4 55. Ba4 Kxf5 56. Kxh6 Ke4 57. Kg5 Kd4 58. Kf4 Kc3 59. Ke3 Bd3 60. Be8 b3 61. Bf7 b2 62. Ba2 Bg6 0-1

[Event "Yerevan Margaryan Memorial GM"]
[Site "Yerevan"]
[Date "2024.01.11"]
[Round "4"]
[White "Shahinyan, David"]
[Black "Agasarov, Benik"]
[Result "1/2-1/2"]
[WhiteElo "2436"]
[BlackElo "2340"]
[PlyCount "73"]
[EventDate "2024.01.08"]
[EventType "tourn"]
[EventRounds "9"]
[EventCountry "ARM"]
[EventCategory "8"]
[SourceTitle "CB04_2024"]
[SourceDate "2023.10.16"]
[SourceVersion "1"]
[SourceVersionDate "2023.10.16"]
[SourceQuality "1"]

1. e4 e5 2. Nf3 Nf6 3. d3 Nc6 4. Be2 d5 5. Nbd2 Bd6 6. 0-0 0-0 7. c3 h6 8. Re1 Re8 9. Bf1 a5 10. Qc2 Be6 11. b3 Bc5 12. h3 d4 13. Bb2 dxc3 14. Bxc3 Qd6 15. Rad1 Nd7 16. Nc4 Bxc4 17. dxc4 Nd4 18. Nxd4 exd4 19. Bb2 Ne5 20. Qc1 a4 21. f4 Nc6 22. e5 Qd7 23. Qb1 axb3 24. axb3 Nb4 25. Kh1 Ra2 26. Rd2 Rd8 27. Red1 g6 28. Bd3 Nxd3 29. Qxa2 Nxf4 30. Rxd4 Bxd4 31. Rxd4 Qxd4 32. Bxd4 Rxd4 33. Qa8+ Kg7 34. Qxb7 c5 35. Qb5 Ne6 36. Kg1 Rd2 37. Kf1 1/2-1/2

[Event "Yerevan Margaryan Memorial GM"]
[Site "Yerevan"]
[Date "2024.01.09"]
[Round "2"]
[White "Shuvalova, Polina"]
[Black "Agasarov, Benik"]
[Result "1/2-1/2"]
[WhiteElo "2475"]
[BlackElo "2340"]
[PlyCount "64"]
[EventDate "2024.01.08"]
[EventType "tourn"]
[EventRounds "9"]
[EventCountry "ARM"]
[EventCategory "8"]
[SourceTitle "CB04_2024"]
[SourceDate "2023.10.16"]
[SourceVersion "1"]
[SourceVersionDate "2023.10.16"]
[SourceQuality "1"]

1. e4 e5 2. Nf3 Nc6 3. Bc4 Nf6 4. d3 Bc5 5. c3 0-0 6. 0-0 d5 7. exd5 Nxd5 8. a4 a5 9. Re1 Bg4 10. Nbd2 Nb6 11. Bb5 Bd6 12. h3 Bh5 13. Ne4 Na7 14. d4 Nxb5 15. dxe5 Nxc3 16. bxc3 Be7 17. Qe2 Qd5 18. Bf4 Rad8 19. g4 Bg6 20. Nd4 Qd7 21. Ng3 Nd5 22. Bd2 Bc5 23. h4 Nxc3 24. Bxc3 Bxd4 25. Bxd4 Qxd4 26. h5 Bd3 27. Qf3 Qd5 28. Qe3 Qd4 29. Qf3 Qd5 30. Qe3 c5 31. h6 g6 32. Rad1 c4 1/2-1/2

[Event "Wch U14"]
[Site "Montesilvano"]
[Date "2023.11.23"]
[Round "10"]
[White "Agasarov, Benik"]
[Black "Bharadia, Yash"]
[Result "1/2-1/2"]
[WhiteElo "2360"]
[BlackElo "2071"]
[PlyCount "118"]
[EventDate "2023.11.13"]
[EventType "swiss"]
[EventRounds "11"]
[EventCountry "ITA"]
[SourceTitle "CB48_2023"]
[SourceDate "2023.11.29"]
[SourceVersion "1"]
[SourceVersionDate "2023.11.29"]
[SourceQuality "1"]

1. d4 Nf6 2. c4 e6 3. Nf3 b6 4. g3 Bb7 5. Bg2 Be7 6. 0-0 0-0 7. Re1 Na6 8. Nc3 Ne4 9. h4 c5 10. d5 Nxc3 11. bxc3 d6 12. Ng5 e5 13. Qd3 Bxg5 14. hxg5 f5 15. gxf6 Qxf6 16. Be3 Bc8 17. Be4 Bf5 18. a4 Nb8 19. a5 Nd7 20. Reb1 g6 21. Kg2 Bxe4+ 22. Qxe4 Qf5 23. Qh4 Qf7 24. Rb2 Rab8 25. axb6 Nxb6 26. Rba2 Rb7 27. f3 e4 28. Qxe4 Re8 29. Qd3 Nxc4 30. Bf4 Nb2 31. Qc2 Nc4 32. e4 g5 33. Bc1 g4 34. f4 Rbe7 35. Qe2 Rxe4 36. Qxg4+ Kh8 37. Rxa7 R4e7 38. Rxe7 Qxd5+ 39. Qf3 Qxf3+ 40. Kxf3 Rxe7 41. f5 Re1 42. Ra8+ Kg7 43. Bf4 h5 44. Kf2 Re7 45. Bg5 Rf7 46. f6+ Kg6 47. Rg8+ Kf5 48. Bh4 Ne5 49. Ke2 Ng4 50. Rg5+ Ke6 51. Rxh5 Nxf6 52. Rh6 Kf5 53. Bxf6 Rxf6 54. g4+ Kg5 55. Rxf6 Kxf6 56. c4 d5 57. cxd5 Ke5 58. Kd3 Kxd5 59. g5 Ke5 1/2-1/2

[Event "Wch U14"]
[Site "Montesilvano"]
[Date "2023.11.22"]
[Round "9"]
[White "Brattgjerd, Isak Vinh"]
[Black "Agasarov, Benik"]
[Result "0-1"]
[WhiteElo "2235"]
[BlackElo "2360"]
[PlyCount "75"]
[EventDate "2023.11.13"]
[EventType "swiss"]
[EventRounds "11"]
[EventCountry "ITA"]
[SourceTitle "CB48_2023"]
[SourceDate "2023.11.29"]
[SourceVersion "1"]
[SourceVersionDate "2023.11.29"]
[SourceQuality "1"]

1. e4 e5 2. Nf3 Nc6 3. Bb5 a6 4. Ba4 Nf6 5. 0-0 Be7 6. d3 b5 7. Bb3 d6 8. a4 Bd7 9. Nbd2 Na5 10. Ba2 bxa4 11. c3 c5 12. Re1 0-0 13. h3 Rb8 14. Nf1 Nb3 15. Bxb3 Rxb3 16. Ng3 g6 17. Bh6 Re8 18. Qc1 Bf8 19. Bxf8 Rxf8 20. Nd2 Rb7 21. Ndf1 Ne8 22. Re2 Qh4 23. Nd2 Ng7 24. Nc4 Qe7 25. Ne3 f5 26. Nd5 Qh4 27. Nf1 Bc6 28. f3 Bxd5 29. exd5 Nh5 30. Rd2 Nf4 31. Qd1 Rfb8 32. Rxa4 Rxb2 33. g3 Rxd2 34. Qxd2 Nxh3+ 35. Kh2 Qxa4 36. Kxh3 Qa1 37. Nh2 f4 38. gxf4 0-1

[Event "Wch U14"]
[Site "Montesilvano"]
[Date "2023.11.13"]
[Round "1"]
[White "Ahn, Maximilian"]
[Black "Agasarov, Benik"]
[Result "0-1"]
[WhiteElo "1813"]
[BlackElo "2360"]
[PlyCount "30"]
[EventDate "2023.11.13"]
[EventType "swiss"]
[EventRounds "11"]
[EventCountry "ITA"]
[SourceTitle "CB48_2023"]
[SourceDate "2023.11.29"]
[SourceVersion "1"]
[SourceVersionDate "2023.11.29"]
[SourceQuality "1"]

1. e4 c5 2. Nc3 Nc6 3. Bb5 Nd4 4. Nf3 e6 5. Nxd4 cxd4 6. Ne2 Qg5 7. Nxd4 Qc5 8. c3 e5 9. Bxd7+ Bxd7 10. Nb3 Qc7 11. 0-0 Nf6 12. Re1 Be7 13. d4 0-0 14. Bg5 exd4 15. cxd4 Ng4 0-1

[Event "EU-ch U14 31st"]
[Site "Mamaia"]
[Date "2023.09.13"]
[Round "8"]
[White "Agasarov, Benik"]
[Black "Finek, Vaclav"]
[Result "1-0"]
[WhiteElo "2321"]
[BlackElo "2414"]
[PlyCount "111"]
[EventDate "2023.09.05"]
[EventType "swiss"]
[EventRounds "9"]
[EventCountry "ROU"]
[SourceTitle "EXT 2024"]
[Source "ChessBase"]
[SourceDate "2023.10.10"]
[SourceVersion "1"]
[SourceVersionDate "2023.10.10"]
[SourceQuality "1"]

1. d4 d5 2. c4 c6 3. Nf3 Nf6 4. e3 e6 5. Nbd2 Nbd7 6. b3 Bd6 7. Bb2 0-0 8. Bd3 b6 9. e4 dxe4 10. Nxe4 Nxe4 11. Bxe4 Bb7 12. Bc2 Bb4+ 13. Kf1 Re8 14. h4 Nf8 15. Rh3 Be7 16. Ne5 f6 17. Ng4 f5 18. Ne5 Nd7 19. Nf3 Bf6 20. Qe2 Qc7 21. Ng5 Nf8 22. Rd1 c5 23. Kg1 cxd4 24. Bxd4 e5 25. Bc3 e4 26. c5 Re7 27. b4 Kh8 28. Bb3 Bxc3 29. Rxc3 h6 30. Qc4 Ng6 31. Nf7+ Kh7 32. c6 Rf8 33. cxb7 Qxb7 34. Nd8 Qa8 35. Ne6 Rh8 36. Qe2 Rc8 37. Rg3 Ne5 38. Ng5+ Kh8 39. Be6 Rf8 40. Rc3 Nd3 41. g3 Qb7 42. Qh5 Ne5 43. Rd5 Rxe6 44. Nxe6 Qxd5 45. Nxf8 Nf3+ 46. Rxf3 exf3 47. Ng6+ Kh7 48. Nf4 Qe4 49. Qg6+ Kh8 50. Qe6 Qb1+ 51. Kh2 Qf1 52. Qe3 Qd1 53. Qd3 Qe1 54. Qxf3 Qxb4 55. Ng6+ Kg8 56. Qd5+ 1-0

[Event "EU-ch U14 31st"]
[Site "Mamaia"]
[Date "2023.09.06"]
[Round "2"]
[White "Agasarov, Benik"]
[Black "Butolo, Alexandru Mircea"]
[Result "1-0"]
[WhiteElo "2321"]
[BlackElo "2012"]
[PlyCount "53"]
[EventDate "2023.09.05"]
[EventType "swiss"]
[EventRounds "9"]
[EventCountry "ROU"]
[SourceTitle "EXT 2024"]
[Source "ChessBase"]
[SourceDate "2023.10.10"]
[SourceVersion "1"]
[SourceVersionDate "2023.10.10"]
[SourceQuality "1"]

1. d4 Nf6 2. c4 e6 3. g3 d5 4. Bg2 Bb4+ 5. Bd2 Be7 6. Nf3 0-0 7. 0-0 c6 8. Qc2 Nbd7 9. Bf4 b6 10. Rd1 Bb7 11. Ne5 Qc8 12. Nc3 Rd8 13. Rac1 dxc4 14. Nxc4 c5 15. Bd6 Bf8 16. e4 cxd4 17. Nb5 d3 18. Qb1 Bc6 19. Bxf8 Bxb5 20. Be7 Qa6 21. Bxd8 Bxc4 22. Bxf6 gxf6 23. b3 Bb5 24. a4 d2 25. Rxd2 Qa5 26. b4 Qxa4 27. Ra2 1-0

[Event "EU-ch U14 31st"]
[Site "Mamaia"]
[Date "2023.09.05"]
[Round "1"]
[White "Lafkidis, Apostolos"]
[Black "Agasarov, Benik"]
[Result "0-1"]
[WhiteElo "1857"]
[BlackElo "2321"]
[PlyCount "76"]
[EventDate "2023.09.05"]
[EventType "swiss"]
[EventRounds "9"]
[EventCountry "ROU"]
[SourceTitle "EXT 2024"]
[Source "ChessBase"]
[SourceDate "2023.10.10"]
[SourceVersion "1"]
[SourceVersionDate "2023.10.10"]
[SourceQuality "1"]

1. d4 Nf6 2. Nf3 d5 3. g3 Bf5 4. Bg2 e6 5. 0-0 Bd6 6. c4 Nbd7 7. Nc3 c6 8. Nd2 0-0 9. e4 dxe4 10. Ndxe4 Be7 11. Qe2 Bg4 12. f3 Bh5 13. Be3 Nxe4 14. Nxe4 Nf6 15. Nxf6+ Bxf6 16. Rad1 Re8 17. Bf2 Qa5 18. b3 Rad8 19. Rfe1 h6 20. h4 Bg6 21. Qd2 Qa3 22. Qe2 Be7 23. Kh2 Bb4 24. Rf1 Re7 25. Be1 Red7 26. Qe3 c5 27. d5 exd5 28. cxd5 Bxe1 29. Rfxe1 Qxa2 30. Ra1 Qb2 31. Rxa7 Rxd5 32. Re2 Rd2 33. Rxd2 Rxd2 34. Ra8+ Kh7 35. Qg1 Qxb3 36. Qxc5 Qxf3 37. Qg1 Be4 38. Kh3 Rxg2 0-1

[Event "Yerevan Yeghiazaryan Memorial"]
[Site "Yerevan"]
[Date "2023.08.08"]
[Round "8"]
[White "Danielyan, Vahe"]
[Black "Agasarov, Benik"]
[Result "1/2-1/2"]
[WhiteElo "2319"]
[BlackElo "2282"]
[PlyCount "110"]
[EventDate "2023.08.01"]
[EventType "tourn"]
[EventRounds "9"]
[EventCountry "ARM"]
[EventCategory "6"]
[SourceTitle "CBM 215 Extra"]
[Source "ChessBase"]
[SourceDate "2023.09.30"]
[SourceVersion "1"]
[SourceVersionDate "2023.09.30"]
[SourceQuality "1"]

1. d4 d5 2. Nf3 Nf6 3. Bf4 c5 4. e3 Nc6 5. Nbd2 Bg4 6. c3 e6 7. h3 Bxf3 8. Nxf3 Bd6 9. Qb3 Rb8 10. dxc5 Bxf4 11. exf4 0-0 12. Bd3 Qa5 13. 0-0 Qxc5 14. Rfe1 b5 15. a3 a5 16. Rac1 g6 17. Ne5 Nxe5 18. fxe5 Nh5 19. Qd1 f6 20. Qd2 Qb6 21. b4 axb4 22. cxb4 Qd4 23. Qe3 fxe5 24. Qxd4 exd4 25. Rc5 Nf4 26. Bxb5 e5 27. Bf1 d3 28. g3 Ne6 29. Rxd5 Nd4 30. Kg2 d2 31. Rd1 Ra8 32. Ra5 Rac8 33. Rc5 Rxc5 34. bxc5 Ra8 35. Rxd2 Rxa3 36. f4 Rc3 37. fxe5 Nf5 38. Kf2 Rxc5 39. e6 Kg7 40. Bg2 Kf6 41. Bd5 Rc3 42. Re2 Ne7 43. Ba2 Ra3 44. Rb2 Nf5 45. Bb3 Nd4 46. Bd5 Ra5 47. Bc4 Nxe6 48. Rb6 Rf5+ 49. Kg2 Re5 50. h4 h6 51. Rb7 h5 52. Rb6 Ke7 53. Kf3 g5 54. hxg5 Nxg5+ 55. Kf4 Rc5 1/2-1/2

[Event "Yerevan Yeghiazaryan Memorial"]
[Site "Yerevan"]
[Date "2023.08.07"]
[Round "7"]
[White "Gasparyan, Erik R"]
[Black "Agasarov, Benik"]
[Result "1/2-1/2"]
[WhiteElo "2324"]
[BlackElo "2282"]
[PlyCount "114"]
[EventDate "2023.08.01"]
[EventType "tourn"]
[EventRounds "9"]
[EventCountry "ARM"]
[EventCategory "6"]
[SourceTitle "CBM 215 Extra"]
[Source "ChessBase"]
[SourceDate "2023.09.30"]
[SourceVersion "1"]
[SourceVersionDate "2023.09.30"]
[SourceQuality "1"]

1. e4 e5 2. Nf3 Nc6 3. Bb5 a6 4. Ba4 Nf6 5. 0-0 Be7 6. Re1 b5 7. Bb3 d6 8. c3 0-0 9. d3 Na5 10. Bc2 c5 11. d4 exd4 12. cxd4 Bg4 13. dxc5 dxc5 14. e5 Qxd1 15. Rxd1 Nd7 16. h3 Be6 17. Bg5 Rae8 18. Bxe7 Rxe7 19. Ng5 Nxe5 20. Bxh7+ Kh8 21. Nxe6 Rxe6 22. Bf5 Rf6 23. Be4 Nac6 24. Rd5 Rd8 25. Rxd8+ Nxd8 26. Nc3 Rd6 27. Rd1 Rxd1+ 28. Nxd1 Nc4 29. f4 g6 30. Kf2 Kg7 31. b3 Nb6 32. Ke3 f5 33. Bf3 Ne6 34. Bb7 a5 35. Nc3 Nc7 36. g3 b4 37. Nb1 Nb5 38. Kd3 Nd6 39. Bc6 c4+ 40. bxc4 Nbxc4 41. Kd4 Kf6 42. Kd5 Ke7 43. Kc5 Nb2 44. Nd2 Nd3+ 45. Kb6 Nc1 46. Kxa5 Nxa2 47. Ka4 Kf6 48. Kb3 Nc1+ 49. Kxb4 Ne2 50. Nf1 g5 51. Kc5 Nf7 52. fxg5+ Kxg5 53. Bf3 Nxg3 54. Nxg3 Kf4 55. Nxf5 Kxf5 56. h4 Kf6 57. h5 Ke5 1/2-1/2

[Event "Yerevan Yeghiazaryan Memorial"]
[Site "Yerevan"]
[Date "2023.08.06"]
[Round "6"]
[White "Agasarov, Benik"]
[Black "Gholami, Aryan"]
[Result "1-0"]
[WhiteElo "2282"]
[BlackElo "2504"]
[PlyCount "89"]
[EventDate "2023.08.01"]
[EventType "tourn"]
[EventRounds "9"]
[EventCountry "ARM"]
[EventCategory "6"]
[SourceTitle "CBM 215 Extra"]
[Source "ChessBase"]
[SourceDate "2023.09.30"]
[SourceVersion "1"]
[SourceVersionDate "2023.09.30"]
[SourceQuality "1"]

1. d4 g6 2. c4 Bg7 3. Nc3 c5 4. d5 d6 5. e4 Nf6 6. Nf3 0-0 7. Be2 Bg4 8. h3 Bxf3 9. Bxf3 Nbd7 10. 0-0 a6 11. Be2 Ne8 12. Be3 Nc7 13. Qd2 Qb8 14. a4 e5 15. a5 Qd8 16. b4 cxb4 17. Na4 f5 18. f3 fxe4 19. fxe4 Rxf1+ 20. Rxf1 Nf6 21. Bf3 Nce8 22. Nb6 Rb8 23. Qxb4 Bf8 24. g4 Nd7 25. g5 Nxb6 26. axb6 Be7 27. h4 Qd7 28. Qd2 Ng7 29. Qe2 Rf8 30. Bg4 Rxf1+ 31. Kxf1 Qe8 32. Kg2 Nh5 33. Be6+ Kh8 34. Qf2 a5 35. Bg4 a4 36. c5 dxc5 37. d6 Bd8 38. d7 Qe7 39. Bxh5 gxh5 40. Bxc5 Qg7 41. Qf5 Kg8 42. Qe6+ Qf7 43. Qe8+ Kg7 44. Qxd8 Qa2+ 45. Bf2 1-0

[Event "Yerevan Yeghiazaryan Memorial"]
[Site "Yerevan"]
[Date "2023.08.02"]
[Round "2"]
[White "Agasarov, Benik"]
[Black "Mkrtchian, Simon"]
[Result "1-0"]
[WhiteElo "2282"]
[BlackElo "2304"]
[PlyCount "102"]
[EventDate "2023.08.01"]
[EventType "tourn"]
[EventRounds "9"]
[EventCountry "ARM"]
[EventCategory "6"]
[SourceTitle "CBM 215 Extra"]
[Source "ChessBase"]
[SourceDate "2023.09.30"]
[SourceVersion "1"]
[SourceVersionDate "2023.09.30"]
[SourceQuality "1"]

1. d4 Nf6 2. c4 c6 3. Nf3 d5 4. Nc3 e6 5. e3 a6 6. b3 Bb4 7. Bd2 0-0 8. Bd3 Nbd7 9. 0-0 Qe7 10. Qc2 e5 11. dxe5 Nxe5 12. Nxe5 Qxe5 13. cxd5 cxd5 14. Ne2 Bxd2 15. Qxd2 Ng4 16. Nf4 Rd8 17. h3 Nf6 18. Qa5 Be6 19. Rac1 Rd7 20. Rfd1 Rad8 21. Bb1 Bf5 22. Bxf5 Qxf5 23. Rd4 h6 24. Rcd1 Rc8 25. Nxd5 Rxd5 26. Rxd5 Nxd5 27. g4 Qf3 28. Qxd5 Qxh3 29. Qf5 Rf8 30. Rd7 g6 31. Qf4 h5 32. Rxb7 hxg4 33. Rc7 Qh8 34. Qxg4 Qa1+ 35. Kg2 Qxa2 36. Qc4 Qa5 37. Rc5 Qb6 38. Rc6 Qb7 39. Kg1 Kg7 40. Qd4+ Kg8 41. Qd5 Qb5 42. Rxg6+ Kh7 43. Qxb5 axb5 44. Rb6 Rg8+ 45. Kf1 Rg5 46. Ke2 Rd5 47. b4 Kg7 48. Rc6 f5 49. Rc5 Rxc5 50. bxc5 Kf6 51. Kd3 Ke5 1-0

[Event "Wch U14 blitz"]
[Site "Batumi"]
[Date "2023.06.11"]
[Round "8"]
[White "Agasarov, Benik"]
[Black "Gilfanov, Marat I"]
[Result "1/2-1/2"]
[WhiteElo "2209"]
[BlackElo "1968"]
[PlyCount "80"]
[EventDate "2023.06.10"]
[EventType "swiss (blitz)"]
[EventRounds "11"]
[EventCountry "GEO"]
[SourceTitle "EXT 2024"]
[Source "ChessBase"]
[SourceDate "2023.10.10"]
[SourceVersion "1"]
[SourceVersionDate "2023.10.10"]
[SourceQuality "1"]
[WhiteTeam "Armenia"]
[BlackTeam "FIDE"]
[WhiteTeamCountry "ARM"]

1. e4 c5 2. Nc3 e6 3. Nf3 Nc6 4. Bb5 Nge7 5. 0-0 a6 6. Bxc6 Nxc6 7. d4 cxd4 8. Nxd4 Qc7 9. Re1 Bd6 10. Nxc6 dxc6 11. f4 e5 12. f5 b5 13. Be3 f6 14. Qf3 Bb7 15. Rad1 0-0-0 16. Qf2 Qe7 17. Rd3 Rd7 18. Bb6 Bc7 19. Bc5 Qf7 20. Rxd7 Qxd7 21. Rd1 Qf7 22. b3 Rd8 23. Rd3 Rxd3 24. cxd3 Qd7 25. Qc2 a5 26. h3 Ba6 27. Ne2 b4 28. Nc1 Kb7 29. Kf2 Bb6 30. Ke3 Qd6 31. Bxb6 Kxb6 32. Ne2 c5 33. g4 Bb5 34. Qd2 a4 35. Qc2 Qd7 36. h4 axb3 37. axb3 Qa7 38. Qb2 Qd7 39. Qc2 Qa7 40. Qb2 Qd7 1/2-1/2

[Event "Wch U14 rapid"]
[Site "Batumi"]
[Date "2023.06.06"]
[Round "3"]
[White "Timoshenko, Anton"]
[Black "Agasarov, Benik"]
[Result "1-0"]
[WhiteElo "1725"]
[BlackElo "2235"]
[PlyCount "101"]
[EventDate "2023.06.06"]
[EventType "swiss (rapid)"]
[EventRounds "11"]
[EventCountry "GEO"]
[SourceTitle "EXT 2024"]
[Source "ChessBase"]
[SourceDate "2023.10.10"]
[SourceVersion "1"]
[SourceVersionDate "2023.10.10"]
[SourceQuality "1"]
[WhiteTeam "FIDE"]
[BlackTeam "Armenia"]
[BlackTeamCountry "ARM"]

1. d4 Nf6 2. Nf3 d5 3. Bf4 c5 4. c3 Nc6 5. dxc5 a5 6. Nd4 e6 7. Nxc6 bxc6 8. b4 Ba6 9. e3 Bxf1 10. Kxf1 Be7 11. a3 Ne4 12. f3 Nf6 13. Nd2 0-0 14. Nb3 Nh5 15. Bg3 Qc8 16. Nxa5 Rxa5 17. bxa5 Qa6+ 18. Qe2 Nxg3+ 19. hxg3 Qxa5 20. Qd3 g6 21. c4 Rb8 22. cxd5 exd5 23. Kg1 Bxc5 24. Kh2 Qc7 25. Rhc1 Qe7 26. f4 h5 27. a4 h4 28. Re1 hxg3+ 29. Kxg3 Bd6 30. Rh1 Rb4 31. Kf3 Re4 32. a5 g5 33. g3 Bc5 34. Rae1 Ba7 35. Rh5 g4+ 36. Kxg4 f6 37. Kf3 Qe6 38. g4 Bb8 39. a6 Qe7 40. Reh1 Qg7 41. Rh8+ Qxh8 42. Rxh8+ Kxh8 43. Qb3 Ba7 44. Qb7 Rxe3+ 45. Kg2 Bd4 46. a7 Re2+ 47. Kh3 Re3+ 48. Kh4 Bxa7 49. Qxa7 Re8 50. Kh5 Rf8 51. Kh6 1-0